|
|
|
|
| LEADER |
02445nam a2200433 a 4500 |
| 001 |
EBC957594 |
| 003 |
MiAaPQ |
| 005 |
20200520144314.0 |
| 006 |
m o d | |
| 007 |
cr cn||||||||| |
| 008 |
110811s2012 nyua sb 001 0 eng d |
| 010 |
|
|
|z 2011033526
|
| 020 |
|
|
|z 9780415680141
|
| 020 |
|
|
|a 9781136467974 (electronic bk.)
|
| 035 |
|
|
|a (MiAaPQ)EBC957594
|
| 035 |
|
|
|a (Au-PeEL)EBL957594
|
| 035 |
|
|
|a (CaPaEBR)ebr10529288
|
| 035 |
|
|
|a (CaONFJC)MIL344309
|
| 035 |
|
|
|a (OCoLC)798533346
|
| 040 |
|
|
|a MiAaPQ
|c MiAaPQ
|d MiAaPQ
|
| 050 |
|
4 |
|a HG4028.A84
|b S437 2012
|
| 082 |
0 |
4 |
|a 332.1068/4
|2 23
|
| 245 |
0 |
0 |
|a Securitization, accountability and risk management
|h [electronic resource] :
|b transforming the public security domain /
|c edited by Karin Svedberg Helgesson and Ulrika Morth.
|
| 260 |
|
|
|a New York :
|b Routledge,
|c 2012.
|
| 300 |
|
|
|a xv, 168 p. :
|b ill.
|
| 490 |
1 |
|
|a PRIO new security studies
|
| 504 |
|
|
|a Includes bibliographical references and index.
|
| 505 |
0 |
|
|a Introduction: securitization, accountability and risk management : transforming the public security domain / Karin Svedberg Helgesson and Ulrika Morth -- The FATF as the central promoter of the anti-money laundering regime / Anja P. Jakobi -- The EU anti-money laundering legal regime / Sideek M. Seyad -- Anti-money laundering in the United States / Jan Hallenberg -- The managerialization of security / Michael Power -- Tools and securitization : the instrumentation of AML/CTF policies in French banks / Gilles Favarel-Garrigues, Thierry Godefroy and Pierre Lascoumes -- Trace my money if you can : European security management of financial flows / Anthony Amicelle -- The multiple positions of private actors in securitization / Karin Svedberg Helgesson -- Conclusions: the manifestations of securitization / Karin Svedberg Helgesson and Ulrika Morth.
|
| 533 |
|
|
|a Electronic reproduction. Ann Arbor, MI : ProQuest, 2015. Available via World Wide Web. Access may be limited to ProQuest affiliated libraries.
|
| 650 |
|
0 |
|a Asset-backed financing.
|
| 650 |
|
0 |
|a Money laundering.
|
| 650 |
|
0 |
|a Banks and banking.
|
| 650 |
|
0 |
|a Liability (Law)
|
| 655 |
|
4 |
|a Electronic books.
|
| 700 |
1 |
|
|a Helgesson, Karin Svedberg,
|d 1966-
|
| 700 |
1 |
|
|a Morth, Ulrika,
|d 1962-
|
| 710 |
2 |
|
|a ProQuest (Firm)
|
| 830 |
|
0 |
|a PRIO new security studies.
|
| 856 |
4 |
0 |
|u https://ebookcentral.proquest.com/lib/matrademy/detail.action?docID=957594
|z Click to View
|